000 00651nam a2200217Ii 4500
001 23301
003 CO-ViMGA
008 241108s9999||||xx |||||||||||||| ||und||
020 _a9789585586383 (volumen)
040 _aCO-ViMGA
_bspa
_erda
_cCO-ViMGA
041 0 _aspa
082 0 4 _a302.17 W17i
100 1 _aWasserman Lerner, Moisés,
_d1946-
_952623
245 1 0 _aIncertidumbre
264 1 _aBogotá, Colombia : Comisión de la Verdad, Rey Naranjo, 2020
300 _avolumen
336 _atext
_btxt
_2rdacontent
337 _aunmediated
_bn
_2rdamedia
338 _avolume
_bnc
_2rdacarrier
940 _aidficha_siabuc: 22431. -- ficha_no_siabuc:23301
999 _c47416
_d47416